<?xml version="1.0" encoding="UTF-8"?>
<collection xmlns="http://www.loc.gov/MARC21/slim">
  <record>
    <leader>00000nam  2200000   4500</leader>
    <controlfield tag="001">INLIS000000000012092</controlfield>
    <datafield tag="990" ind1="#" ind2="#">
      <subfield code="a">384/SM-23</subfield>
    </datafield>
    <controlfield tag="005">20240831042139</controlfield>
    <datafield tag="035" ind1="#" ind2="#">
      <subfield code="a">0010-0724000244</subfield>
    </datafield>
    <controlfield tag="007">ta</controlfield>
    <controlfield tag="008">240831################g##########0#ind##</controlfield>
    <datafield tag="020" ind1="#" ind2="#">
      <subfield code="a">978-979-075-090-6</subfield>
    </datafield>
    <datafield tag="082" ind1="#" ind2="#">
      <subfield code="a">610.7</subfield>
    </datafield>
    <datafield tag="084" ind1="#" ind2="#">
      <subfield code="a">610.7 FER u</subfield>
    </datafield>
    <datafield tag="100" ind1="1" ind2="#">
      <subfield code="a">FERDIANTO, Hengki</subfield>
    </datafield>
    <datafield tag="245" ind1="1" ind2="#">
      <subfield code="a">UKDI Ready :</subfield>
      <subfield code="b">Uji Kompetensi Dokter Indonesia; Soal-Soal dan Jawaban /</subfield>
      <subfield code="c">dr. Hengki Ferdianto &amp; dr. Fikar Arsyad</subfield>
    </datafield>
    <datafield tag="250" ind1="#" ind2="#">
      <subfield code="a">Cetakan 5</subfield>
    </datafield>
    <datafield tag="260" ind1="#" ind2="#">
      <subfield code="a">Jakarta :</subfield>
      <subfield code="b">Erlangga,</subfield>
      <subfield code="c">2012</subfield>
    </datafield>
    <datafield tag="300" ind1="#" ind2="#">
      <subfield code="a">x, 281 Halaman :</subfield>
      <subfield code="b">gambar; tabel ;</subfield>
      <subfield code="c">19,5 x 25 Cm</subfield>
      <subfield code="e">Biblografi; Biografi</subfield>
    </datafield>
    <datafield tag="700" ind1="1" ind2="#">
      <subfield code="a">ARSYAD, Fikar</subfield>
    </datafield>
    <datafield tag="520" ind1="#" ind2="#">
      <subfield code="a">Uji Kompetensi Dokter Indonesia (UKDI) merupakan suatu upaya untuk meningkatkan kualitas dokter di Indonesia agar bisa bersaing secara global, dan lulus ujian UKDI adalah sebuah syarat yang harus dicapai oleh seorang dokter agar ia bisa mendapatkan STR (Surat Tanda Registrasi)&#13;
Menyadari hal tersebut, maka penulis yang terdiri dari dokter-dokter muda yang telah lulus ujian UKDI ini berinisiatif menghadirkan buku UKADI Ready. Dengan pengalaman mereka yang dituangkan dalam buku ini. diharapkan pembaca memperoleh gambaran untuk menyusun strategi menghadapi ujian UKDI.&#13;
Buku ini tentu tidak hanya ditujukan bagi dokter (terutama yang baru lulus) saja, tetapi juga akan sangat bermanfaat sebagai bekal sejak dini bagi mahasiswa kedokteran untuk mempersipkan diri mengikuti ujian UKDI.</subfield>
    </datafield>
    <datafield tag="856" ind1="#" ind2="#">
      <subfield code="a">OPAC (Rak Tandon - Rak 7.1)</subfield>
    </datafield>
    <datafield tag="650" ind1="#" ind2="4">
      <subfield code="a">Pendidikan Kedokteran</subfield>
    </datafield>
    <datafield tag="650" ind1="#" ind2="4">
      <subfield code="a">Sumbangan Mahasiswa 2023</subfield>
    </datafield>
  </record>
</collection>
